Bharatar swadhinata andulanat ashomia satrar bhumika. (Record no. 1020)
[ view plain ]
| 000 -LEADER | |
|---|---|
| fixed length control field | 00522cam a2200181ua 4500 |
| 008 - FIXED-LENGTH DATA ELEMENTS--GENERAL INFORMATION | |
| fixed length control field | 110428n ii |||gr||||Z||||||eng |
| 040 ## - CATALOGING SOURCE | |
| Transcribing agency | MAIN |
| 082 ## - DEWEY DECIMAL CLASSIFICATION NUMBER | |
| Classification number | 322.4454162 |
| 245 1# - TITLE STATEMENT | |
| Title | Bharatar swadhinata andulanat ashomia satrar bhumika. |
| Statement of responsibility, etc. | By Ramesh Kalita. |
| 250 ## - EDITION STATEMENT | |
| Edition statement | 1st. |
| 260 ## - PUBLICATION, DISTRIBUTION, ETC. | |
| Place of publication, distribution, etc. | Nalbari.: |
| Name of publisher, distributor, etc. | Manannay granthalay.,986. |
| 300 ## - PHYSICAL DESCRIPTION | |
| Extent | 203 p.: |
| Dimensions | 20 cm. |
| 700 1# - ADDED ENTRY--PERSONAL NAME | |
| Personal name | Kalita, Ramesh., |
| 942 ## - ADDED ENTRY ELEMENTS (KOHA) | |
| Koha item type | Books |
| 653 ## - INDEX TERM--UNCONTROLLED | |
| Uncontrolled term | Political science. |
| 653 ## - INDEX TERM--UNCONTROLLED | |
| Uncontrolled term | Bharatar swadhinata andulanat ashomia satrar bhumika. |
| Withdrawn status | Lost status | Damaged status | Not for loan | Home library | Current library | Shelving location | Date acquired | Total Checkouts | Full call number | Barcode | Date last seen | Copy number | Price effective from | Koha item type |
|---|---|---|---|---|---|---|---|---|---|---|---|---|---|---|
| Central Library, Naharkatiya College | Central Library, Naharkatiya College | General Stacks | 19/09/2020 | 322.4454162 | KAL | 10213 | 19/09/2020 | 1 | 19/09/2020 | Books |
